| 000 | 00712nam a22002417a 4500 | ||
|---|---|---|---|
| 999 |
_c3430 _d3430 |
||
| 003 | AR-CdUCM | ||
| 008 | 190306b ||||| |||| 00| 0 spa d | ||
| 040 |
_aMUNICIPALIDAD PROVINCIAL DEL CUSCO _cBIBLIOTECA MUNICIPAL DEL CUSCO |
||
| 041 | _heng | ||
| 082 |
_a338.9 / _bH17 |
||
| 100 |
_aHallowell, John H _911306 |
||
| 245 | _aDesarrollo ¿para que? / | ||
| 260 |
_aMexico : _bLimusa-Wiley, _c1966. |
||
| 300 |
_a286 paginas ; _c18cm. |
||
| 500 | _aDevelopment: for what?- titulo en ingles | ||
| 650 |
_aDesarrollo _92021 |
||
| 650 |
_aSuperioridad _911307 |
||
| 650 |
_aEstados Unidos _91805 |
||
| 650 |
_aNorteamerica _95078 |
||
| 700 |
_aDignowity, Lionel _98339 |
||
| 942 |
_2ddc _cLIBROS |
||
| 945 | _apjha | ||